000 01379nam a22003497i 4500
003 EG-ScBUE
005 20250622092224.0
008 090520t2007 njua f b 101 0 eng d
020 _a9789812705655
020 _a97812705651
040 _aEG-ScBUE
_beng
_erda
_cEG-ScBUE
_dEG-ScBUE
082 0 4 _222
_a537.6
_bINT
111 2 _94894
_aInternational Discussion Meeting on Superionic Conductor Physics
_n(1st :
_d2003 :
_cKyoto, Japan)
245 1 0 _aProceedings of the 1st International Discussion Meeting on Superionic Conductor Physics :
_bKyoto, Japan, 10-14 September 2003 /
_ceditors, Junichi Kawamura, Tohoku University, Japan, [and five others]
246 3 0 _aSuperionic conductor physics
264 1 _aNew Jersey :
_bWorld Scientific,
_c[2007]
264 4 _cc2007
300 _axvi, 206 pages :
_billustrations ;
_c27 cm
336 _2rdacontent
_atext
_btxt
337 _aunmediated
_2rdamedia
_bn
338 _avolume
_bnc
_2rdacarrier
504 _aIncludes bibliographical references and index.
650 7 _94898
_aSuperionic conductors
_vCongresses.
_2BUEsh
655 _vReading book
700 1 _aKawamura, Junichi,
_eeditor.
700 1 _aYoshikado, Shinzo,
_eeditor.
700 1 _aSakuma, Takashi,
_d1951-,
_eeditor.
700 1 _aMichihiro, Yoshitaka,
_eeditor.
700 1 _aAniya, Masaru,
_eeditor.
700 1 _aIto, Yoshiaki,
_eeditor.
942 _2ddc
_cBB
999 _c11563
_d11563